<?xml version="1.0" encoding="UTF-8"?>
<marc:record xmlns:marc="http://www.loc.gov/MARC21/slim">
   <marc:leader>00000nam a2200000 a 4500</marc:leader>
   <marc:datafield ind1="1" ind2=" " tag="100">
      <marc:subfield code="a">Henckel, Hella</marc:subfield>
      <marc:subfield code="4">edt</marc:subfield>
      <marc:subfield code="e">Bearbeiter/-in</marc:subfield>
   </marc:datafield>
   <marc:datafield ind1=" " ind2=" " tag="653">
      <marc:subfield code="a">Häusliche Arbeiten</marc:subfield>
   </marc:datafield>
   <marc:datafield ind1=" " ind2=" " tag="653">
      <marc:subfield code="a">Softcover / Ratgeber/Hobby</marc:subfield>
   </marc:datafield>
   <marc:datafield ind1=" " ind2=" " tag="653">
      <marc:subfield code="a">Haus/Kreatives Gestalten</marc:subfield>
   </marc:datafield>
   <marc:datafield ind1=" " ind2=" " tag="653">
      <marc:subfield code="a">Anleitung</marc:subfield>
   </marc:datafield>
   <marc:datafield ind1="0" ind2="0" tag="245">
      <marc:subfield code="a">FrühlingsZauber</marc:subfield>
   </marc:datafield>
   <marc:datafield ind1="0" ind2="0" tag="245">
      <marc:subfield code="b">ein Koffer voll Ideen für die erste Jahreszeit ; mit den erfolgreichsten Osterideen der Bloom's Deko-Profis</marc:subfield>
   </marc:datafield>
   <marc:datafield ind1="0" ind2="0" tag="245">
      <marc:subfield code="c">Hrsg. Bloom's GmbH, Ratingen. Fotos Patrick Pantze Imgages GmbH, Lage. Red. Hella Henckel (vwtl.) ...</marc:subfield>
   </marc:datafield>
   <marc:datafield ind1=" " ind2="1" tag="264">
      <marc:subfield code="a">Stuttgart (Hohenheim)</marc:subfield>
      <marc:subfield code="b">Ulmer</marc:subfield>
      <marc:subfield code="c">2014</marc:subfield>
   </marc:datafield>
   <marc:datafield ind1=" " ind2=" " tag="250">
      <marc:subfield code="a">1. Aufl.</marc:subfield>
   </marc:datafield>
   <marc:datafield ind1="1" ind2=" " tag="520">
      <marc:subfield code="a">Angaben aus der Verlagsmeldung

FrühlingsZauber : Schöner leben, feiern und dekorieren / von Bloom's Bloom's Team

Frühlingslust und Osterglück
- Für alle, die ihr Zuhause gerne mit Selbstgemachtem dekorieren
- Großformatiger Dekospaß zum Spitzenpreis
- Ganz einfach und schnell nachzumachen
Mit stimmungsvollen Homestories, frühlingsbunten Gestaltungsideen und Basteleien für Groß und Klein macht das Bookazine mit den besten Dekorationsideen vom BLOOM’s-Team Lust auf die erste Jahreszeit! Vom schön gedeckten Tisch zum Frühlingsanfang über leckere Rezepte mit den ersten zarten Kräutern aus der gerade erwachenden Natur bis zu tollen Bepflanzungstipps für kurzweilige Blütenpracht auf Balkon und Terrasse. Jede Menge originelle Dekorationen, Rezepte und Geschenkideen zum Osterfest runden die Kreativsammlung ab.
</marc:subfield>
   </marc:datafield>
   <marc:datafield ind1=" " ind2=" " tag="020">
      <marc:subfield code="a">9783800182626</marc:subfield>
      <marc:subfield code="9">9783800182626</marc:subfield>
   </marc:datafield>
   <marc:datafield ind1=" " ind2=" " tag="020">
      <marc:subfield code="a">3800182629</marc:subfield>
      <marc:subfield code="9">3800182629</marc:subfield>
   </marc:datafield>
   <marc:datafield ind1=" " ind2=" " tag="041">
      <marc:subfield code="a">ger</marc:subfield>
   </marc:datafield>
   <marc:datafield ind1=" " ind2=" " tag="300">
      <marc:subfield code="a">120 S.</marc:subfield>
   </marc:datafield>
</marc:record>
